Be my guest : English for the hotel industry

This fifteen-unit course is ideal for both in-service and pre-service students. It deals with the many situations in which hotel employees meet guests, including reception, restaurant and bar work, answering the phone, giving directions, dealing with guests? problems, writing short e-mails and lette...

詳細記述

保存先:
書誌詳細
第一著者: O'Hara, Francis
フォーマット: 図書
言語:Undetermined
出版事項: New York Cambridge University Press 2002
主題:
タグ: タグ追加
タグなし, このレコードへの初めてのタグを付けませんか!
Thư viện lưu trữ: Trung tâm Học liệu Trường Đại học Cần Thơ
LEADER 01035nam a2200229Ia 4500
001 CTU_134247
008 210402s9999 xx 000 0 und d
020 |c 220000 
082 |a 428.24 
082 |b O.36 
100 |a O'Hara, Francis 
245 0 |a Be my guest : 
245 0 |b English for the hotel industry 
245 0 |c Francis O'Hara 
260 |a New York 
260 |b Cambridge University Press 
260 |c 2002 
520 |a This fifteen-unit course is ideal for both in-service and pre-service students. It deals with the many situations in which hotel employees meet guests, including reception, restaurant and bar work, answering the phone, giving directions, dealing with guests? problems, writing short e-mails and letters, suggesting places to visit and explaining how things work. 
650 |a English language,Anh ngữ 
650 |x Textbooks for foreign speakers,Giáo trình dành cho người nước ngoài 
904 |i Tuyến 
980 |a Trung tâm Học liệu Trường Đại học Cần Thơ